00873nam a2200265 u 450000100070000000500170000700800410002403500110006503500210007604000130009704100080011008000070011810000400012524500440016526000340020930000180024365000280026165000220028965000410031165000340035265000260038694200090041299900170042195201690043815797020260506075643.0971213s1868 fre  a157970 a(OCoLC)778014638 ccomduadb afre aWT10aDurand, Fardel M.4auteaut931952210aTraite pratique des maladies chroniques aParís :bP. Asselin,c1868. a688 páginas 7aPatología2dcs913533 aGeriatría95732 7aEnfermedades crónicas2lemb916995 7aDiabetes mellitus2dcs921095 7aObesidad2lemb912710 cBOOK c76251d76251 00102ddc40708HIS. MEDICaBMbBMd1997-12-13eMaterial adquirido por donacióniC217701l0oWT D9-868p61000001843818r2023-04-21 00:00:00t1w2023-04-21yBOOKI